000 00749nam a2200277Ia 4500
001 Z_3821
003 CHAP
008 220113s197X xx 000 0 und d
010 _a166882
040 _cCHAP
090 _aFolleto 532
100 _aCuca García, Manuel
_929989
245 _aCría y explotación de aves ponedoras /
_cpor Manuel Cuca García, Ernesto Avila y Beatríz Murillo
260 _aChapingo, Méx. :
_bColegio de Postgraduados,
_c197X
300 _a19 p.
440 _a
500 _a
503 _a
650 _aAves de corral
_xProducción I. Avila González, Ernesto II. Murillo, Beatríz
_9141026
901 _aFolleto 532
902 _aA
910 _a197X
942 _cc14
942 _cc14
999 _c166882
_d166882